Estatuto general de contratación administrativa (Registro nro. 315987)

Detalles MARC
000 -ENCABEZADO
Número de control [NR] 00686 a2200169 4500
005 - FECHA Y HORA DE LA ÚLTIMA TRANSACCIÓN
control field 20211029094210.0
008 - DE LONGITUD FIJA DE DATOS DE ELEMENTOS - INFORMACIÓN GENERAL
Elementos de longitud fija [NR] 210805b ||||| |||| 00| 0 eng d
020 ## - NUMERO INTERNACIONAL NORMALIZADO PARA LIBROS [R]
Número Internacional Normalizado del libro [NR] Ministerio del interior y de j
040 ## - FUENTE DE CATALOGACION [NR]
Agencia de catalogación original [NR] CO-BoUCM
Idioma de catalogación [NR] spa
Quien Cataloga Deissy Garcia
Quien Clasifica Deissy Garcia
100 ## - ASIENTO PRINCIPAL--NOMBRE PERSONAL [NR]
Nombre personal [NR] Ministerio del Interior y de Justicia
ID Autoridad 104494
110 ## - ASIENTO PRINCIPAL--NOMBRE CORPORATIVO [NR]
Nombre corporativo o de jurisdicción como elemento de entrada [NR] Ministerio del interior y de justicia
ID de autoridad 104508
245 ## - MENCION DE TITULO [NR]
Título [NR] Estatuto general de contratación administrativa
Parte restante del título [NR] Ley 80 de 1993
Mención de responsabilidad, etc. [NR] Ministerio del Interior y de Justicia
260 ## - PUBLICACION, DISTRIBUCION, ETC. (PIE DE IMPRENTA) [R]
Lugar de publicación, distribución, etc. [R] Bogotá
Nombre del editor, distribuidor, etc. [R] Ministerio del Interior y de Justicia
Fecha de publicación, distribución, etc. [R] 1995
650 #7 - ASIENTO SECUNDARIO DE MATERIA - TERMINO TEMATICO [R]
Término temático o nombre geográfico como elemento de entrada [NR] Contratos administrativos
9 (RLIN) 7452
942 ## - ELEMENTOS DE ENTRADA AGREGADOS (KOHA)
Tema principal Derecho
Tipo de ítem principal el descrito en 300a Libro
Sistema de clasificación LOCAL
Edición 1
Clasificación 342.06
Parte restante de la signatura top. M665e
Título oculto en OPAC No
Existencias
Signatura topográfica Código de barras Última vez visto Ejemplar Costo de reposición Price effective from Tipo de ítem Perdido Sistema de clasificación Dañado No prestable Tipo de ítem específico Suprimido Ubicación habitual Ubicación actual Localización Fecha de creación Proveedor Forma de adquisición Costo
342.06 M665e 100164420 06/12/2024 Ej.1 26000.00 07/10/2019 Libro   DEWEY     Libro   BodegaJK Claustro Préstamo 2 días después de solicitado 07/10/2019 12 Donación 0.00